000 01037nam a2200193 a 4500
008 120416s1990 ||||||||||||||||| || u
020 _a052138897x
050 _aQA 862.P4 Bak
100 _aBaker, Gregory L
245 1 0 _aChaotic dynamics: an introduction
260 _aCambridge:
_bThe University Press
_c1990
350 _a0.00
650 _aPendulum
650 _aCHAOTIC BEHAVIOR IN SYSTEMS
995 _aANNEX COLLECTION (Main Library)
_D0.00
_e026340
_FCBU-MAIN LIBRARY (Kitwe)
_H3
_I10.95
_jQA 862.P4 Bak
_UAVAILABLE
_y026340
_ZAnnex Low-Usage Collection
995 _aANNEX COLLECTION (Main Library)
_D0.00
_e026422
_FCBU-MAIN LIBRARY (Kitwe)
_H2
_I10.95
_jQA 862.P4 Bak
_UAVAILABLE
_y026422
_ZAnnex Low-Usage Collection
995 _aANNEX COLLECTION (Main Library)
_D0.00
_e026423
_FCBU-MAIN LIBRARY (Kitwe)
_H4
_I10.95
_jQA 862.P4 Bak
_UAVAILABLE
_y026423
_ZAnnex Low-Usage Collection
995 _aANNEX COLLECTION (Main Library)
_D0.00
_e026508
_FCBU-MAIN LIBRARY (Kitwe)
_H1
_I10.95
_jQA 862.P4 Bak
_UAVAILABLE
_y026508
_ZAnnex Low-Usage Collection
999 _c78156
_d78156